[Event "ch-RUS Higher League"]
[Site "Irkutsk RUS"]
[Date "2010.08.31"]
[Round "6"]
[White "Shomoev,A"]
[Black "Geller,J"]
[Result "1/2-1/2"]
[WhiteElo "2561"]
[BlackElo "2539"]

1.e4 c5 2.Nf3 e6 3.d4 cxd4 4.Nxd4 Nc6 5.Nc3 Qc7 6.Be3 a6 7.Qd2 Nf6 8.O-O-O Be7
9.f3 O-O 10.g4 b5 11.g5 Nh5 12.Nce2 Rd8 13.Kb1 e5 14.Nf5 d5 15.Nxe7+ Nxe7
16.Ng3 Nf4 17.Bxf4 exf4 18.Nh5 Bg4 19.fxg4 dxe4 20.Qe1 Rxd1+ 21.Qxd1 Rd8
22.Qe1 Qd6 23.Be2 Nd5 24.Qd2 g6 25.Qxd5 Qxd5 26.Nf6+ Kg7 27.Nxd5 Rxd5 28.c4 Rd2
29.cxb5 Rxe2 30.bxa6 f3 31.a7 f2 32.a8=Q Re1+ 33.Kc2 Rxh1 34.Qxe4 f1=Q 35.Qd4+ Kf8
36.Qd8+ Kg7 37.Qd4+ Kf8 38.Qd8+ Kg7  1/2-1/2

[Event "TCh-SRB 1st League"]
[Site "Vrnjacka Banja SRB"]
[Date "2010.08.31"]
[Round "11"]
[White "Leskur,D"]
[Black "Rajkovic,Du"]
[Result "1/2-1/2"]
[WhiteElo "2426"]
[BlackElo "2453"]

1.e4 c5 2.Nf3 e6 3.d4 cxd4 4.Nxd4 Nc6 5.Nc3 Qc7 6.Be3 Nf6 7.f3 a6 8.Qd2 Nxd4
9.Qxd4 Bd6 10.g3 b5 11.O-O-O Be5 12.Qc5 Bb7 13.Qxc7 Bxc7 14.Be2 Rc8 15.Kb1 Be5
16.Bd4 Bxd4 17.Rxd4 Ke7 18.a4 bxa4 19.Rxa4 Rc6 20.Rd1 d6 21.Na2 Ra8 22.Ra5 Nd7
23.Nc1 Ne5 24.b3 Rc7 25.Nd3 Nc6 26.Ra4 g6 27.Nb4 Ne5 28.Nd3 Nc6 29.Nb4 Ne5
30.Nd3 Nc6 31.Nb2 Ne5 32.Nc4 Nxc4 33.Bxc4 Rc5 34.Bd3 Rh5 35.Rd2 Rc5 36.Kb2 a5
37.Rd4 Bc6 38.Be2 Rd8 39.Rc4 Rxc4 40.Bxc4 g5 41.Bd3 h5 42.Kc3 Rc8 43.Kd4 e5+
44.Ke3 Bd7 45.f4 exf4+ 46.gxf4 gxf4+ 47.Kxf4 h4 48.Rg2 a4 49.bxa4 Bxa4 50.e5  1/2-1/2

[Event "7th Malaysia Open"]
[Site "Kuala Lumpur MAS"]
[Date "2010.09.01"]
[Round "1"]
[White "Gao Rui"]
[Black "Dotsenko,Vi"]
[Result "1/2-1/2"]
[WhiteElo "2450"]
[BlackElo "2054"]

1.e4 c5 2.Nf3 Nc6 3.Nc3 e6 4.d4 cxd4 5.Nxd4 Nf6 6.Ndb5 d6 7.Bf4 e5 8.Bg5 a6
9.Na3 b5 10.Nd5 Be7 11.Bxf6 Bxf6 12.c4 bxc4 13.Nxc4 Nd4 14.Bd3 O-O 15.O-O Bb7
16.Ncb6 Rb8 17.Nxf6+ gxf6 18.Nc4 Kh8 19.Ne3 Rg8 20.Qh5 f5 21.exf5 Qf6 22.f3 Bxf3
23.Rxf3 Nxf3+ 24.Qxf3 e4 25.Qxe4 Rbe8 26.Qf4 Rxe3 27.Rd1 Qxb2 28.Bf1 Qe5
29.Qh6 Rf3 30.Rd5 Qxd5 31.Qf6+ Rg7 32.Qd8+  1/2-1/2

[Event "ch-RUS Higher League w"]
[Site "St Petersburg RUS"]
[Date "2010.09.01"]
[Round "7"]
[White "Bodnaruk,A"]
[Black "Stepovaia,T"]
[Result "1/2-1/2"]
[WhiteElo "2397"]
[BlackElo "2375"]

1.e4 c5 2.Nf3 e6 3.Nc3 Nc6 4.d4 cxd4 5.Nxd4 Qc7 6.Be3 a6 7.Qd2 Nf6 8.O-O-O Be7
9.f3 h5 10.Qf2 d6 11.h3 b5 12.Nxc6 Qxc6 13.Bd3 h4 14.a3 Rb8 15.f4 b4 16.axb4 Rxb4
17.Bd4 Nh5 18.Ne2 O-O 19.Rhg1 e5 20.Bc3 Ra4 21.b3 Nxf4 22.Kb2 Nxe2 23.Qxe2 Be6
24.Ra1 Rxa1 25.Rxa1 Rc8 26.Bd2 Bd8 27.Rxa6 Bb6 28.Bc4 d5 29.exd5 Bxd5 30.Bc3 Bxc4
31.Qxc4 Qxc4 32.bxc4 Rb8 33.Kc1 f6 34.Kd2 Kf7 35.Ke2 Kg6 36.Bxe5 Re8 37.Rxb6 Rxe5+
38.Kf3 Rf5+ 39.Ke2 Rg5 40.Kf2 Rf5+ 41.Ke3 Rg5 42.Kf2 Rf5+ 43.Ke3 Rg5 44.Kf2 Rf5+
45.Ke3  1/2-1/2

[Event "ch-RUS Higher League w"]
[Site "St Petersburg RUS"]
[Date "2010.09.02"]
[Round "8"]
[White "Severiukhina,Z"]
[Black "Manakova,M"]
[Result "0-1"]
[WhiteElo "2341"]
[BlackElo "2306"]

1.e4 c5 2.Nf3 Nc6 3.d4 cxd4 4.Nxd4 e6 5.Nc3 Qc7 6.g3 a6 7.Bg2 Nge7 8.Nb3 Ng6
9.O-O Be7 10.f4 b5 11.Be3 O-O 12.h4 Bb4 13.Ne2 Na5 14.Nbd4 e5 15.fxe5 Nc4
16.Bc1 Ngxe5 17.Nf4 Bc5 18.b3 Qa7 19.c3 Nd6 20.Be3 Bb7 21.Nd5 Bxd5 22.exd5 Rae8
23.Bf2 f5 24.a4 bxa4 25.Rxa4 Ne4 26.Bxe4 fxe4 27.Ra2 Qb7 28.Be3 Qxd5 29.Ra5 Qd6
30.Kg2 Rf3 31.Bf4 Rxc3 32.Ne2 Qxd1 33.Rxd1 Rc2 34.Rd2 Rxd2 35.Bxd2 Nd3 36.Nf4 Bb4
37.Bxb4 Nxb4 38.Ra4 Rb8 39.Kf2 Rb5 40.Ke3 d5 41.Kd4 Nc6+  0-1

[Event "7th LGA Premium Cup"]
[Site "Nuremberg GER"]
[Date "2010.09.03"]
[Round "2"]
[White "Bayer,Ro"]
[Black "Maurer,C"]
[Result "0-1"]
[WhiteElo "1732"]
[BlackElo "1990"]

1.e4 c5 2.Nf3 Nc6 3.d4 cxd4 4.Nxd4 e6 5.Nc3 a6 6.Be2 Nge7 7.O-O Nxd4 8.Qxd4 Nc6
9.Qd1 Qc7 10.Be3 b5 11.a3 Be7 12.f4 Bb7 13.Bf3 Na5 14.Kh1 Nc4 15.Qc1 Nxe3
16.Qxe3 O-O 17.e5 Bxf3 18.Rxf3 d6 19.exd6 Bxd6 20.Ne4 Rfd8 21.c3 Rd7 22.Raf1 Rad8
23.Nxd6 Qxd6 24.h3 g6 25.Qe2 Qc5 26.R3f2 Rd3 27.Qc2 Qd5 28.Kh2 Kf8 29.Qc1 Rd2
30.Kg3 h5 31.Rxd2 Qxd2 32.Qxd2 Rxd2 33.Rf2 Rd5 34.Re2 Ke7 35.Kf3 Kd6 36.Ke3 a5
37.b3 Kc5 38.Kf3 a4 39.bxa4 bxa4 40.Re4 Rd3+ 41.Ke2 Rxc3 42.Rxa4 Rc2+ 43.Kf3 Kb6
44.Rb4+ Kc6 45.Rb3 Kd6 46.g4 hxg4+ 47.hxg4 Rc7 48.Rd3+ Ke7 49.g5 f6 50.gxf6+ Kxf6
51.Kg4 Rc4 52.Re3 g5 53.Kf3 gxf4 54.Rb3 Kf5  0-1

[Event "5th XtraCon Open"]
[Site "Borup DEN"]
[Date "2010.09.04"]
[Round "2"]
[White "Larsen,Th"]
[Black "Petersen,Nil"]
[Result "1/2-1/2"]
[WhiteElo "2076"]
[BlackElo "2067"]

1.e4 c5 2.Nf3 e6 3.d4 cxd4 4.Nxd4 Nc6 5.Nc3 a6 6.Nxc6 bxc6 7.Bd3 d5 8.O-O Nf6
9.Qe2 Bb7 10.f4 Be7 11.Be3 d4 12.e5 Ng8 13.f5 exf5 14.Bxf5 Qb6 15.Bf2 Nh6
16.Bd3 c5 17.Ne4 O-O 18.c3 Rad8 19.Rac1 Rd7 20.b4 Bxe4 21.Qxe4 g6 22.Bc4 Rdd8
23.Qf4 Nf5 24.g4 Ng7  1/2-1/2

[Event "ch-RUS Higher League"]
[Site "Irkutsk RUS"]
[Date "2010.09.04"]
[Round "9"]
[White "Inarkiev,E"]
[Black "Khairullin,I"]
[Result "1/2-1/2"]
[WhiteElo "2671"]
[BlackElo "2620"]

1.e4 c5 2.Nf3 e6 3.Nc3 Nc6 4.d4 cxd4 5.Nxd4 a6 6.Nxc6 bxc6 7.Bd3 d5 8.O-O Nf6
9.Qf3 Be7 10.e5 Nd7 11.Qg3 g6 12.Bh6 c5 13.b3 Bf8 14.Bxf8 Kxf8 15.Rfe1 Bb7
16.Ne2 h6 17.f4 Qb6 18.c4 d4 19.Rab1 a5 20.a3 Qc7 21.Qf2 Kg7 22.Ng3 h5 23.h4 Ra6
24.Nf1 Rb6 25.Qg3 Bc6 26.Nd2 Rhb8 27.a4 Qd8 28.Re2 Qe7 29.Bc2 Rh8 30.Rbe1 Kf8
31.Nb1 Nb8 32.Na3 Ke8 33.Nb5 Kd7 34.Rd1 Na6 35.Qc3 Rhb8 36.Qxa5 Qxh4 37.Be4 Qg4
38.Qe1 Bxe4 39.Rxe4 Ke7 40.Rd3 h4 41.f5 Qxf5 42.Rf3 Qg5 43.Ref4 f5 44.exf6+ Kf8
45.Rxh4 e5 46.Rh8+ Kf7 47.Rh7+ Kf8 48.Rh8+ Kf7 49.Rh7+ Kf8 50.Rg3 Qf5 51.Rh8+ Kf7
52.Rh7+ Kf8 53.Qd2 g5 54.Rh6 g4 55.Rh4 Rxf6 56.Rhxg4 Ke7 57.Rg7+ Ke6 58.Qe1 Rbf8
59.Rf3 Qc2 60.Rg5 Rf5 61.Rgxf5 Rxf5 62.Rh3 Rg5 63.Qf1 Rf5 64.Qe1 Rg5 65.Qf1 Rf5
66.Qe1  1/2-1/2

[Event "TCh-CRO Women"]
[Site "Sibenik CRO"]
[Date "2010.09.04"]
[Round "1"]
[White "Repkova,E"]
[Black "Vasilevich,I"]
[Result "0-1"]
[WhiteElo "2447"]
[BlackElo "2324"]

1.e4 c5 2.Nf3 e6 3.d4 cxd4 4.Nxd4 Nc6 5.Nc3 a6 6.g3 d6 7.Bg2 Bd7 8.O-O Be7
9.Re1 Rc8 10.a4 Nf6 11.Nb3 Qc7 12.a5 Ne5 13.f4 Nc4 14.e5 dxe5 15.fxe5 Nxe5
16.Bf4 Bd6 17.Qd4 Nc4 18.Bxd6 Nxd6 19.Nd5 Nxd5 20.Qxg7 Ke7 21.Bxd5 Rhg8 22.Qe5 Kf8
23.Rad1 Nf5 24.Qxc7 Rxc7 25.Be4 Rg5 26.Re2 h5 27.Red2 Ba4 28.Kf2 Nh6 29.Nd4 Ng4+
30.Kg1 Rxa5 31.Ra1 Re5 32.Bd3 Be8 33.h3 Nf6 34.Rf1 Ke7 35.Rdf2 Nd7 36.Nf3 Re3
37.Kh2 Nc5  0-1

[Event "TCh-CRO Gp1B"]
[Site "Sibenik CRO"]
[Date "2010.09.04"]
[Round "1"]
[White "Mrdja,M"]
[Black "Prpic,I"]
[Result "1-0"]
[WhiteElo "2393"]
[BlackElo "2011"]

1.e4 c5 2.Nf3 Nc6 3.d4 cxd4 4.Nxd4 e6 5.Nc3 a6 6.Be3 Bb4 7.Qd2 Nf6 8.f3 d5
9.a3 Bxc3 10.Qxc3 Bd7 11.Nxc6 Bxc6 12.O-O-O Rc8 13.Qb4 Qc7 14.Bd3 b5 15.e5 Nd7
16.f4 Bb7 17.Rhe1 Nc5 18.Bxc5 Qxc5 19.Qxc5 Rxc5 20.Kd2 O-O 21.g3 g6 22.h4 h5
23.Ke3 Kg7 24.c3 Rcc8 25.Be2 Rh8 26.Rd4 Rc5 27.a4 Bc6 28.a5 Bb7 29.Rb4 Rhc8
30.Kd4 R5c7 31.Rc1 Rc5 32.b3 R5c7 33.Kd3 Rc5 34.Kd2 Ba8 35.Rd4 R5c7 36.Rc2 Rc5
37.Bd3 R5c7 38.Be2 Rc5 39.Bd1 R5c7 40.Rd3 Rc5 41.Re3 R5c7 42.Kc1 Rc5 43.Kb2 R5c7
44.Rd3 Rc5 45.Rh2 R5c7 46.g4 hxg4 47.Bxg4 Rh8 48.Ka3 Rhc8 49.Kb4 Rh8 50.Rg3 Kf8
51.Rgh3 Ke7 52.h5 gxh5 53.Rxh5 Rxh5 54.Rxh5 Bc6 55.Rh7 Be8 56.f5 exf5 57.Bxf5 Bd7
58.Bd3 Be6 59.Rh8 Rc8 60.Rxc8 Bxc8 61.Kc5 Ke6 62.Kd4 f6 63.exf6 Kxf6 64.Kxd5 Be6+
65.Kc6 Bxb3 66.Kb6  1-0

[Event "5th XtraCon Open"]
[Site "Borup DEN"]
[Date "2010.09.05"]
[Round "4"]
[White "Bejtovic,J"]
[Black "Pedersen,Sven2"]
[Result "1-0"]
[WhiteElo "2404"]
[BlackElo "2106"]

1.e4 c5 2.Nc3 e6 3.Nf3 Nc6 4.d4 cxd4 5.Nxd4 Qc7 6.Be2 a6 7.O-O Nf6 8.Kh1 d6
9.f4 Be7 10.Be3 O-O 11.Qe1 Bd7 12.Qg3 Nxd4 13.Bxd4 Bc6 14.Bd3 e5 15.fxe5 Nh5
16.Qe3 dxe5 17.Bb6 Qb8 18.Bc4 Nf4 19.Rad1 Qc8 20.Bb3 Qg4 21.g3 Ne6 22.Nd5 Bg5
23.Qd3 Kh8 24.Rde1 Rac8 25.c4 f5 26.exf5 Nd4 27.Bd1 Qh3 28.Rxe5 Bxd5+ 29.cxd5 Nb5
30.Bf3 Rc2 31.Bf2 Rd2 32.Qb1 Rxb2 33.Bg2 Rxb1 34.Bxh3 Rxf1+ 35.Bxf1 Nc3 36.d6 Bf6
37.Re6 b5 38.Bg2 Kg8 39.d7 Kf7 40.Bc6 Be7 41.Rxe7+  1-0

[Event "ch-ESP"]
[Site "El Sauzal ESP"]
[Date "2010.09.05"]
[Round "2"]
[White "Abreu Suarez,I"]
[Black "Padilla Mendez,Vicente"]
[Result "1/2-1/2"]
[WhiteElo "2068"]
[BlackElo "1792"]

1.e4 c5 2.Nf3 Nc6 3.d4 cxd4 4.Nxd4 e6 5.Nc3 a6 6.Be3 Nf6 7.Bd3 Qc7 8.O-O Be7
9.h3 O-O 10.Kh1 d6 11.f4 Bd7 12.g4 Nxd4 13.Bxd4 Bc6 14.g5 Nd7 15.Qg4 e5 16.fxe5 dxe5
17.Be3 Bc5 18.Nd5 Bxd5 19.exd5 Bxe3 20.Qe4 f5 21.gxf6 Nxf6 22.Qxe3 Nxd5 23.Bxh7+ Kxh7  1/2-1/2

[Event "ch-RUS Higher League"]
[Site "Irkutsk RUS"]
[Date "2010.09.05"]
[Round "10"]
[White "Shomoev,A"]
[Black "Khairullin,I"]
[Result "0-1"]
[WhiteElo "2561"]
[BlackElo "2620"]

1.e4 c5 2.Nf3 e6 3.d4 cxd4 4.Nxd4 Nc6 5.Nc3 Qc7 6.Be3 a6 7.Qd2 Nf6 8.O-O-O Bb4
9.f3 Ne7 10.Nde2 b5 11.g4 h6 12.Qe1 Bc5 13.Bxc5 Qxc5 14.Nd4 Bb7 15.Qg3 Ng6
16.Kb1 Rc8 17.Nb3 Qc7 18.Bd3 Ne5 19.Rd2 d5 20.Re1 dxe4 21.Bxe4 Nc4 22.Rdd1 Nxe4
23.Nxe4 Bxe4 24.fxe4 Qxg3 25.hxg3 Ke7 26.e5 Rhd8 27.Nd4 Rc5 28.b4 Rc7 29.c3 Nb6
30.Rd3 Rdc8 31.Ne2 Nd5 32.Kb2 Rc4 33.Rf1 Re4 34.Nf4 Ne3 35.Rg1 Nc4+ 36.Kb3 g5  0-1

[Event "7th Malaysia Open"]
[Site "Kuala Lumpur MAS"]
[Date "2010.09.05"]
[Round "7"]
[White "Laksana,Agusta"]
[Black "Rahman,Zia"]
[Result "1/2-1/2"]
[WhiteElo "2373"]
[BlackElo "2543"]

1.e4 c5 2.Nf3 e6 3.d4 cxd4 4.Nxd4 Nc6 5.Nc3 Qc7 6.Be3 a6 7.a3 Nf6 8.Be2 Be7
9.f4 d6 10.Qd2 O-O 11.O-O Bd7 12.Rad1 Rac8 13.Qe1 Nxd4 14.Bxd4 Bc6 15.Bf3 Nd7
16.Kh1 e5 17.Be3 exf4 18.Bxf4 Qb6 19.Bg4 Rcd8 20.Nd5 Bxd5 21.exd5 Bf6 22.b4 Ne5
23.Bxe5 Bxe5 24.c4 Rde8 25.Qf2 Qxf2 26.Rxf2 b6 27.g3 g6 28.Bd7 Re7 29.Bc6 f5
30.Kg2 Kg7 31.Re1 h5 32.Ba4 Rc8 33.Bc6 Rf8 34.Ba4 h4 35.Bc2 Rh8 36.Bd3 Rf7
37.Rfe2 hxg3 38.hxg3 Kf6 39.c5 bxc5 40.bxc5 dxc5 41.Rc2 Bd4 42.Bxa6 Rfh7
43.Bb5 Kg5 44.Kf3 Rd8 45.Bc4 Ra8 46.Ra2 Rha7 47.d6 Ra4 48.d7 Bf6 49.Re8 R8a7
50.Bb5 R4a5 51.Rb8 Rxa3+ 52.Rxa3 Rxa3+ 53.Kf2 Ra2+ 54.Ke3 Ra3+ 55.Kf2 Rb3
56.Rf8 Be7 57.Re8 Bf6 58.Be2 Rb4 59.d8=Q Bxd8 60.Rxd8 Rd4 61.Rc8 Rd5 62.Rc6 Re5
63.Bc4 f4 64.gxf4+ Kxf4 65.Rxg6 Rh5 66.Be2 Rh2+ 67.Ke1 Ke5 68.Kd2 Kd5  1/2-1/2

[Event "12th Open"]
[Site "Trieste ITA"]
[Date "2010.09.05"]
[Round "3"]
[White "Sorbera,G"]
[Black "Cherin,D"]
[Result "1/2-1/2"]
[WhiteElo "2057"]
[BlackElo "2285"]

1.e4 c5 2.Nf3 e6 3.d4 cxd4 4.Nxd4 Nc6 5.Nc3 Qc7 6.Be3 a6 7.g3 b5 8.a3 Bb7
9.Bg2 Nf6 10.O-O Be7 11.h3 O-O 12.f4 d6 13.Qd3 Rac8 14.Nce2 Rfe8 15.Nxc6 Bxc6
16.Nc3 Qb7 17.Rfe1 Red8 18.Rad1 a5 19.Bf2 Nd7 20.b4 axb4 21.axb4 Nb6 22.Nxb5 Na4
23.Na7 Nb2 24.Qb3 Nxd1 25.Nxc8 Rxc8 26.Rxd1 Bxe4 27.Bxe4 Qxe4 28.Rc1 d5 29.b5 d4
30.b6 Rc3 31.Qb2 Qb7 32.Ra1 Bc5 33.Qxc3 dxc3 34.Bxc5 Qf3 35.Bf2 h5 36.Rb1 Qb7
37.Rb3 Kh7 38.Rxc3 Qe4 39.Rd3 Kg6 40.Kf1 Qc6 41.c3 Qb5 42.Ke2 Kf5 43.Kd2 Qb2+
44.Ke1  1/2-1/2

[Event "11th WUCC Women"]
[Site "Zuerich SUI"]
[Date "2010.09.05"]
[Round "1"]
[White "Kadek,I"]
[Black "Hoolt,S"]
[Result "0-1"]
[WhiteElo "1889"]
[BlackElo "2251"]

1.e4 c5 2.Nf3 e6 3.d4 cxd4 4.Nxd4 Nc6 5.Nc3 Qc7 6.Be2 Nf6 7.O-O a6 8.Be3 Be7
9.f4 d6 10.Kh1 O-O 11.Qe1 Nxd4 12.Bxd4 b5 13.Bd3 Bb7 14.Qg3 b4 15.e5 Nh5
16.Qg4 g6 17.Ne4 Bxe4 18.Bxe4 Rad8 19.Bd3 a5 20.Rae1 dxe5 21.Bxe5 Bd6 22.Bxd6 Rxd6
23.f5 exf5 24.Rxf5 Ng7 25.Rfe5 Re6 26.Rxe6 Nxe6 27.Bc4 Ng7 28.Bb3 Nf5 29.Qe4 Rd8
30.Rf1 Rd4 31.Qe8+ Kg7 32.Re1 Rd2 33.Qe4 h5 34.Rf1 Rd4 35.Qe1 Rh4 36.h3 Re4
37.Qd1 Ng3+ 38.Kg1 Nxf1 39.Qxf1 Qc5+ 40.Kh1 Qe7 41.Qf3 Re1+ 42.Kh2 Qd6+  0-1

[Event "132nd ch-New York State"]
[Site "Colonie USA"]
[Date "2010.09.06"]
[Round "6"]
[White "Leve,Nitai D"]
[Black "Sheppard,D"]
[Result "1-0"]
[WhiteElo "2153"]
[BlackElo "2094"]

1.e4 c5 2.Nf3 e6 3.d4 cxd4 4.Nxd4 Nc6 5.Nc3 Qc7 6.Nxc6 Qxc6 7.Bd3 a6 8.O-O b5
9.Re1 Bb7 10.Bd2 Nf6 11.a4 bxa4 12.Rxa4 d6 13.b4 Be7 14.b5 Qc8 15.bxa6 Bxa6
16.Qa1 Bb7 17.Bb5+ Kf8 18.Rxa8 Bxa8 19.Qa7 Bb7 20.Rb1 Bc6 21.Bxc6 Qxc6 22.Rb7 Qe8
23.Nb5 Nxe4 24.Nc7 Qd8 25.Rb8 Nxd2 26.Qa8  1-0

[Event "11th WUCC Women"]
[Site "Zuerich SUI"]
[Date "2010.09.06"]
[Round "3"]
[White "Borosova,Z"]
[Black "Hoolt,S"]
[Result "1-0"]
[WhiteElo "2277"]
[BlackElo "2251"]

1.e4 c5 2.Nf3 e6 3.d4 cxd4 4.Nxd4 Nc6 5.Nc3 Qc7 6.Be3 Nf6 7.Qd2 a6 8.O-O-O Bb4
9.f3 Ne5 10.Nb3 b5 11.Qe1 Be7 12.f4 Ng6 13.e5 Ng4 14.Ne4 O-O 15.Bc5 f5 16.Bxe7 Nxe7
17.Nd6 Nd5 18.Rxd5 exd5 19.h3 Nh6 20.Bd3 a5 21.Nd4 Ba6 22.N4xb5 Qc5 23.a4 Bxb5
24.Bxb5 Ra7 25.Qd2 Rc7 26.Rd1 Nf7 27.Nxf7 Rxf7 28.c3 d6 29.e6 Rfe7 30.Bd7 Qc4
31.Qxd5 Qxf4+ 32.Rd2 g6 33.Qxa5 Rcxd7 34.Qa8+ Kg7 35.exd7 Re2 36.Qd5 Re1+
37.Kc2 Qxa4+ 38.b3 Qa2+ 39.Kd3 Qa6+ 40.c4 Qa3 41.c5 Qa6+ 42.Kc2 Qa2+ 43.Kd3 Qa6+
44.Qc4 Qa8 45.c6 Re4 46.Qb5 Qd8 47.Qb7 Kh6 48.c7 Qh4 49.c8=Q Rd4+ 50.Kc2 Rxd2+
51.Kxd2 Qd4+ 52.Kc2  1-0

[Event "ch-POR"]
[Site "Amadora POR"]
[Date "2010.09.07"]
[Round "4"]
[White "Pereira,Rub"]
[Black "Santos,AntonioP"]
[Result "1-0"]
[WhiteElo "2423"]
[BlackElo "2326"]

1.e4 c5 2.Nc3 Nc6 3.Nf3 e6 4.d4 cxd4 5.Nxd4 Qc7 6.g3 a6 7.Bg2 Nf6 8.O-O Nxd4
9.Qxd4 Bc5 10.Qd3 Ng4 11.Qe2 Ne5 12.a4 O-O 13.Kh1 Bd4 14.f4 Nc6 15.e5 d6
16.exd6 Qxd6 17.Ne4 Qc7 18.c3 Ba7 19.b3 Ne7 20.Rd1 Nf5 21.Ba3 Bd7 22.Bxf8 Rxf8
23.Rd3 Bc6 24.Rad1 Qb6 25.c4 Qc7 26.R1d2 h6 27.Nc3 Bxg2+ 28.Qxg2 Qb6 29.Ne4 Qb4
30.Qf3 Qa3 31.Nd6 Ne3 32.Rxe3 Qc1+ 33.Rd1 Qxe3 34.Qxe3 Bxe3 35.Nxb7 Rb8 36.Rd7 Kf8
37.c5 Rc8 38.b4 f6 39.Rd3 Bf2 40.Kg2 Be1 41.b5 axb5 42.axb5 Ra8 43.c6 Rc8
44.Nc5  1-0

[Event "ch-ESP"]
[Site "El Sauzal ESP"]
[Date "2010.09.07"]
[Round "4"]
[White "Jimenez Mendoza,J"]
[Black "Padilla Mendez,Vicente"]
[Result "1-0"]
[WhiteElo "1717"]
[BlackElo "1792"]

1.e4 c5 2.Nf3 e6 3.d4 cxd4 4.Nxd4 Nc6 5.Nc3 a6 6.Be2 Nf6 7.O-O Qc7 8.Kh1 b5
9.Nxc6 dxc6 10.f4 Bb4 11.e5 Bxc3 12.bxc3 Nd7 13.Ba3 c5 14.Qd6 Qxd6 15.exd6 Bb7
16.Rad1 Rc8 17.c4 b4 18.Bb2 Nb6 19.f5 exf5 20.Rxf5 Nd7 21.Bf3 Bxf3 22.Re1+ Kf8
23.Rxf3 Rd8 24.Re7 Nf6 25.Be5 Re8 26.d7 Kxe7 27.dxe8=Q+ Nxe8 28.Kg1 f6 29.Bg3 g5
30.Kf1 Ng7 31.Bf2 Rc8 32.Ke2 Ne6 33.g3 Rc6 34.Rf5 Kf7 35.Kd3 Ke7 36.Rd5 Rd6
37.Ke4 a5 38.Be3 Kd7 39.Kf5 Ng7+ 40.Ke4 Ne6 41.h4 Kc6 42.hxg5 fxg5 43.Ke5  1-0

[Event "ch-ESP"]
[Site "El Sauzal ESP"]
[Date "2010.09.07"]
[Round "4"]
[White "Perez Celis,A"]
[Black "Navarro Molina,D"]
[Result "0-1"]
[WhiteElo "1819"]
[BlackElo "2047"]

1.e4 c5 2.Nf3 e6 3.d4 cxd4 4.Nxd4 Nc6 5.Nc3 Qc7 6.Be2 a6 7.O-O b5 8.Nxc6 dxc6
9.Be3 Bb7 10.f4 Be7 11.Qe1 c5 12.Bf3 b4 13.Na4 Nf6 14.e5 Nd5 15.Bxd5 Bxd5
16.Qf2 Rc8 17.b3 O-O 18.c3 Qa5 19.cxb4 cxb4 20.Nb6 Rc3 21.Rac1 Rd8 22.Bd4 Rd3
23.Rc7 Bf8 24.Be3 Be4 25.Qc2 Rd2 26.Nc4 Rxc2 27.Nxa5 Rxg2+ 28.Kh1 Rg3+  0-1

[Event "7th Malaysia Open"]
[Site "Kuala Lumpur MAS"]
[Date "2010.09.07"]
[Round "9"]
[White "Li Hanbin"]
[Black "Swapnil,SD"]
[Result "1/2-1/2"]
[WhiteElo "2348"]
[BlackElo "2425"]

1.e4 c5 2.Nf3 e6 3.d4 cxd4 4.Nxd4 Nc6 5.Nc3 Qc7 6.g3 a6 7.Bg2 d6 8.O-O Bd7
9.a4 Nf6 10.Be3 Be7 11.Nxc6 Bxc6 12.a5 O-O 13.Qd2 Nd7 14.Na4 f5 15.Nb6 Rae8
16.Nxd7 Qxd7 17.f3 fxe4 18.fxe4 e5 19.c4 h5 20.Rxf8+ Rxf8 21.Rf1 Rxf1+ 22.Kxf1 h4
23.Qf2 Qe6 24.b3 Bd8 25.Bd2 hxg3 26.hxg3 Qg4 27.Qf3 Qg6 28.Qe3 Qg4 29.Qf3 Qg6
30.Qe3 Qg4  1/2-1/2

[Event "12th Open"]
[Site "Trieste ITA"]
[Date "2010.09.07"]
[Round "5"]
[White "Hartl,D"]
[Black "Kragelj,I"]
[Result "1-0"]
[WhiteElo "2233"]
[BlackElo "2226"]

1.e4 c5 2.Nf3 e6 3.d4 cxd4 4.Nxd4 Nc6 5.Nc3 Qc7 6.Be3 a6 7.Qd2 Nf6 8.O-O-O Bb4
9.f3 Ne5 10.Nb3 b5 11.Qe1 Be7 12.f4 Ng6 13.e5 Ng4 14.Ne4 O-O 15.Bc5 Bb7 16.Bxe7 Nxe7
17.Nbc5 Bxe4 18.Nxe4 Nd5 19.Qd2 f6 20.exf6 Ngxf6 21.Nxf6+ Rxf6 22.g3 Rc8
23.Bd3 Nb6 24.Kb1 d5 25.Rhe1 Nc4 26.Bxc4 Qxc4 27.Re3 b4 28.a3 a5 29.Rb3 Rb8
30.Qe3 Rc8 31.Qd3 Qc5 32.Qd2 bxa3 33.Rc3 Qf8 34.Rxa3 Rf7 35.Qxa5 Rfc7 36.Rc1 Qf5
37.Qd2 Rb7 38.Qd3 Qf6 39.c3 Rcb8 40.Rc2 Qe7 41.Ra6 Qc5 42.Qd2 Ra7 43.Rxa7 Qxa7
44.Qf2 Qa5 45.Qe3 Qa6 46.Re2 Kf7 47.Re1 Ra8 48.Kc2 Rb8 49.f5 exf5 50.Qe5 Qa4+
51.Kb1 Qb5 52.Qxf5+ Kg8 53.Qe6+ Kh8 54.Qe2 Qc6 55.Qd3 h6 56.Rd1 Qb6 57.b4 Qc6
58.Kb2 Rc8 59.Qd4 Kh7 60.g4 Qd6 61.Rd2 Rd8 62.h4 Qg3 63.Qd3+ Qxd3 64.Rxd3  1-0

[Event "TCh-ROU Superliga"]
[Site "Baile Herculane ROU"]
[Date "2010.09.08"]
[Round "5"]
[White "Kotronias,V"]
[Black "Flumbort,A"]
[Result "1/2-1/2"]
[WhiteElo "2592"]
[BlackElo "2550"]

1.e4 c5 2.Nf3 Nc6 3.d4 cxd4 4.Nxd4 e6 5.Nc3 d6 6.Be3 Nf6 7.f4 e5 8.Nf3 Ng4
9.Qd2 Nxe3 10.Qxe3 exf4 11.Qxf4 Be7 12.O-O-O O-O 13.Kb1 Be6 14.Nd5 Rc8 15.Bd3 Re8
16.Rhf1 a6 17.h3 b5 18.g4 Bf6 19.Nxf6+ Qxf6 20.Qxf6 gxf6 21.Nh4 Nb4 22.b3 d5
23.Rxf6 dxe4 24.Bxe4 Bxb3 25.cxb3 Rxe4 26.Nf5 Rce8 27.a3 Re1 28.Rd6 Rxd1+
29.Rxd1 Nc6 30.Rd6 Ne7 31.Nh6+ Kg7 32.Rxa6 f6 33.Nf5+ Nxf5 34.gxf5 Re5 35.Ra7+ Kh6
36.Rc7 Rxf5 37.Kb2 Rh5 38.Rb7 Kg6 39.h4 Rc5 40.a4 bxa4 41.bxa4 Rc4 42.Kb3 Rxh4
43.a5 Rh1 44.Rb4 Ra1 45.Ra4 Rb1+ 46.Kc4 Rb8 47.a6 h5 48.a7 Ra8 49.Kd5 h4
50.Ke4 Kg5 51.Kf3 Kf5 52.Ra5+ Ke6 53.Ra6+ Kd7 54.Rxf6 Kc7 55.Kg4 Rxa7 56.Rf7+ Kb8
57.Rxa7 Kxa7 58.Kxh4  1/2-1/2

[Event "TCh-ROU Superliga w"]
[Site "Baile Herculane ROU"]
[Date "2010.09.08"]
[Round "5"]
[White "Sandu,Mi"]
[Black "Voicu-Jagodzinsky,Carmen"]
[Result "1/2-1/2"]
[WhiteElo "2242"]
[BlackElo "2313"]

1.e4 c5 2.Nf3 e6 3.d4 cxd4 4.Nxd4 Nc6 5.Nc3 d6 6.Be2 Nf6 7.O-O Be7 8.Be3 O-O
9.f4 e5 10.Nb3 exf4 11.Bxf4 Be6 12.Kh1 d5 13.e5 Nd7 14.Nxd5 Ndxe5 15.Nxe7+ Qxe7
16.Nd4 Rfd8 17.Nxc6 Nxc6 18.Qe1 Nb4 19.Qg3 Nxc2 20.Be5 Qf8 21.Rad1 Rac8 22.a3 Rxd1
23.Rxd1 Bf5 24.Bc3 Re8 25.Bb5 Rc8 26.Bd3 Bg6 27.Bxg6 hxg6 28.Qd3 Nxa3 29.bxa3 Qxa3
30.Bd4 Qxd3 31.Rxd3 Rd8 32.Kg1 f5 33.Kf2 Kf7 34.Ke2 a6 35.Bb6 Rxd3 36.Kxd3 g5
37.Kd4 Ke6 38.h3 g6 39.Bd8 g4 40.h4 b5 41.Bc7 Kd7 42.Bf4 Kc6 43.Bd2 Kb6 44.g3 a5
45.Kd5 b4 46.Kc4 Kc6 47.Bf4 Kb6 48.Bd2 Kc6 49.Bg5 Kd7 50.Bf4 Kc6 51.Be5 Kd7
52.Bf4 Kc6 53.Be3 Kd7 54.Bf4  1/2-1/2

[Event "5th XtraCon Open"]
[Site "Borup DEN"]
[Date "2010.09.09"]
[Round "5"]
[White "Tikkanen,H"]
[Black "Andersen,Mad"]
[Result "1-0"]
[WhiteElo "2507"]
[BlackElo "2385"]

1.e4 c5 2.Nf3 e6 3.Nc3 Nc6 4.d4 cxd4 5.Nxd4 Qc7 6.Be3 a6 7.Be2 Nf6 8.a3 Be7
9.f4 d6 10.g4 Nxd4 11.Qxd4 e5 12.Qd1 exf4 13.Bxf4 Be6 14.g5 Nd7 15.Qd4 O-O
16.O-O-O Ne5 17.Nd5 Bxd5 18.Qxd5 Rac8 19.c3 b5 20.h4 Qb6 21.Qd4 Qa5 22.Kb1 Nc4
23.h5 Rfe8 24.Bc1 Qc7 25.Rdf1 Qc5 26.g6 fxg6 27.hxg6 Qxd4 28.cxd4 hxg6 29.Bg4 Bf6
30.Bxc8 Rxc8 31.Rd1 Re8 32.Rhe1 g5 33.Kc2 Kf7 34.Kd3 Kg6 35.Rg1 Rh8 36.Rh1 Rh6
37.Rde1 Na5 38.Rxh6+ gxh6 39.e5 dxe5 40.dxe5 Be7 41.Bd2 Nc4 42.Bb4 Nxb2+
43.Kd4 Kf7 44.Rh1 Nc4 45.Rxh6 Bxb4 46.axb4 a5 47.bxa5 Nxa5 48.Kd5 g4 49.Rb6 Nc4
50.Rxb5 Ne3+ 51.Ke4 Nf1 52.Rb7+ Kg6 53.Rb6+ Kg7 54.Rf6 Ng3+ 55.Ke3 Nh5 56.Rf1 Kg6
57.e6 Nf6 58.Kf4 g3 59.Kxg3 Nd5 60.Rf7 Nb4 61.Kf4 Nc6 62.Rc7 Nd4 63.Ke5 Nf3+
64.Kd6 Ng5 65.e7 Kf7 66.Kd7  1-0

[Event "ch-ESP"]
[Site "El Sauzal ESP"]
[Date "2010.09.09"]
[Round "6"]
[White "Fernandez Siles,L"]
[Black "Perez Barreto,A"]
[Result "1-0"]
[WhiteElo "2341"]
[BlackElo "1718"]

1.e4 c5 2.Nf3 e6 3.d4 cxd4 4.Nxd4 Nc6 5.Nc3 Qc7 6.f4 a6 7.Nxc6 bxc6 8.e5 Bb4
9.Qg4 Bxc3+ 10.bxc3 g6 11.Qf3 Bb7 12.Rb1 Rb8 13.Bd3 Ne7 14.Be4 Nd5 15.c4 Qa5+
16.Bd2 Qxa2 17.Qb3 Qxb3 18.Rxb3 Nc7 19.Ke2 Kd8 20.Rhb1 Kc8 21.Be3 Nb5 22.cxb5 cxb5
23.Rc3+ Kd8 24.Bb6+ Ke7 25.Bc5+ Kd8 26.Bd6 Rc8 27.Rxc8+ Kxc8 28.Bxb7+ Kxb7
29.c4 Kb6 30.cxb5 axb5 31.Rc1 Ra8 32.Kf3 h5 33.Rc2 Ra4 34.Rd2 Kc6 35.Rb2 Kb6
36.Bb4 Ra1 37.Rd2 Rb1 38.Rd6+ Kc7 39.Ba5+ Kc8 40.Rb6 Rb3+ 41.Kf2 Rb2+ 42.Kg3 Rb3+
43.Kh4 Rb2 44.Kh3 Rf2 45.g3 Rb2 46.Bc3 Rb3 47.Bd4 Kc7 48.Kh4 Rb4 49.Rd6 Kd8
50.Kg5 Rc4 51.Kf6 Ke8 52.Be3 Rc3 53.Bd2 Rc2 54.Ba5 Rxh2 55.Rb6 d5 56.Rd6  1-0

[Event "ch-ESP"]
[Site "El Sauzal ESP"]
[Date "2010.09.09"]
[Round "6"]
[White "Capote Robayna,J"]
[Black "Rodriguez Lapetra,P"]
[Result "0-1"]
[WhiteElo "1740"]
[BlackElo "2111"]

1.e4 c5 2.Nf3 e6 3.d4 cxd4 4.Nxd4 Nc6 5.Nc3 Qc7 6.Nb3 a6 7.Be2 Nf6 8.Bd2 b5
9.a3 Bb7 10.O-O Ne5 11.f3 Be7 12.Kh1 d6 13.Qe1 O-O 14.Bd3 Nxd3 15.cxd3 Rac8
16.Rc1 Qb8 17.Qg3 Nd7 18.f4 d5 19.e5 Rfd8 20.d4 g6 21.f5 exf5 22.Rxf5 f6
23.Bf4 fxe5 24.dxe5 Nc5 25.e6 Qa8 26.Rf7 d4 27.Be5 Nxe6 28.Rxh7 Bxg2+ 29.Kg1 Kxh7
30.Qg4 Ng7 31.Nxd4 Bc5 32.b4 Bxd4+ 33.Bxd4 Nf5 34.Bf6 Qa7+  0-1

[Event "12th Open"]
[Site "Trieste ITA"]
[Date "2010.09.09"]
[Round "7"]
[White "Kovchan,A"]
[Black "Ulibin,M"]
[Result "1/2-1/2"]
[WhiteElo "2562"]
[BlackElo "2544"]

1.e4 c5 2.Nf3 e6 3.d4 cxd4 4.Nxd4 Nc6 5.Nc3 Qc7 6.Nxc6 dxc6 7.Bd3 e5 8.O-O Nf6
9.f4 Ng4 10.Kh1 Bc5 11.Qe1 exf4 12.Bxf4 Qe7 13.e5  1/2-1/2